| 000 | 00367nam a22001457a 4500 | ||
|---|---|---|---|
| 008 | 210301b ||||| |||| 00| 0 eng d | ||
| 020 | _a9780697250032 | ||
| 041 | _aeng | ||
| 080 |
_22nd _a573 |
||
| 082 | _a573 | ||
| 100 | _a11 | ||
| 101 | _aBIO | ||
| 245 |
_aPrinciples and Applications of Inorganic Organic & Biological Chemistry _cCaret, R. L |
||
| 942 |
_2udc _cBK |
||
| 999 |
_c55327 _d55327 |
||